| 000 | 00736nam a2200205Ia 4500 | ||
|---|---|---|---|
| 003 | GCL | ||
| 008 | 140319s9999 xx 000 0 ara d | ||
| 040 |
_aGCL / _cGCL |
||
| 082 | 0 | 4 |
_a306.2 _bع ع |
| 100 | 1 | _aعبدالله عبدالدائم | |
| 245 | 1 | 0 |
_aالعرب والعالم وحوار الحضارات / _cعبدالله عبدالدائم |
| 250 | _aالاولى | ||
| 260 |
_aسوريا : _bدار طلاس للدراسات والترجمة ، _c2002 |
||
| 300 |
_a136 ص ؛ _c19 سم |
||
| 650 | 0 | 4 | _aالعلاقات الثقافية |
| 650 | 0 | 4 | _aالانثروبولوجيا الثقافية |
| 650 | 0 | 4 | _aالعولمة |
| 650 | 0 | 4 | _aالعالم العربى - الاحوال السياسية |
| 942 |
_2ddc _cBK |
||
| 999 |
_c8404 _d8404 |
||